Mezinárodní kamionová doprava Plus

Bibliographic Details
Main Author: Novák, Radek, 1960- (Author)
Format: Book
Language:Czech
PhysicalDescription:250 s. mp., tab. 21 cm
Published: Praha Aspi 2003
ISBN:8086395537
Edition:2. přeprac. vyd.
Subjects:

MARC

LEADER 00000cam a2200000 a 4500
001 vtls008621584
003 SK-MaSNL
005 20260302004412.0
008 240318s2003 xr bl f 001 0 cze
020 |a 8086395537  |q (viaz.) 
040 |a SNK  |b slo  |c SNK  |e AACR2 
041 0 |a cze 
044 |a xr  |c CZ 
072 7 |a 656.1/.5  |x Pozemná doprava  |2 konspekt 
080 |a 656.1(100)  |2 2001 
080 |a 34  |2 2001 
080 |a 656.125  |2 2001 
080 |a 656.025.4  |2 2001 
080 |a (035)  |2 2001 
100 1 |a Novák, Radek,  |d 1960-  |4 aut  |9 644375 
245 1 0 |a Mezinárodní kamionová doprava Plus  |c Radek Novák 
250 |a 2. přeprac. vyd. 
260 |a Praha  |b Aspi  |c 2003 
300 |a 250 s.  |b mp., tab.  |c 21 cm 
500 |a Zozn. 
504 |a Bibliogr. s. 244-245. Reg. 
650 0 7 |a medzinárodná cestná doprava  |2 SNKPH  |9 87279 
650 0 7 |a nákladná doprava  |2 SNKPH  |9 68181 
650 0 7 |a preprava tovaru  |2 SNKPH  |9 31438 
650 0 7 |a právne aspekty  |2 SNKPH  |9 3869 
655 7 |a príručky  |2 SNKPH  |9 74364 
919 |a 80-86395-53-7 
999 |c 995721  |d 997651 
952 |a SNK  |b SNKPULT  |y VYP  |7 0  |p 17A0520643  |o snkIC 133774  |i snk2006/17397  |8 4  |g 18.32  |0 0  |1 0  |4 0  |d 2006-08-30  |l 1  |m 1  |q 2026-05-20  |r 2026-02-28 18:57:34  |s 2026-02-28  |w 2026-02-24